000 02020cam a22002054a 4500
005 20250605163305.0
008 250528s ||||||||||||||||||||||||d
035 _a16127
020 _a9603510165
040 _aGR-AtMCL
_bgre
_dGR-AtMCL
_eAACR2
245 1 _aΣυμπεριφορά Καταναλωτή και Στρατηγική Μάρκετινγκ.
_nΤόμος Β'
260 _bΣταμούλης,
_c1994
300 _a216
505 0 _aΠεριλήψεις των Cases, METAXA: Η Αναγέννηση του Κλασικού, ΕΛΑΙΣ Α.Ε.: Η Γραμμή Προιόντων LINEA, Ο Έλληνας Καταναλωτής Σαμπουάν 2 σε 1, INTERCAR Α.Ε.: Η Κάρτα nteramerican VISA, ΑΣΠΙΣ ΠΡΟΝΟΙΑ Ασφαλιστική Εταιρία: Έρευνα Ικανοποίησης και Προτιμήσεων Πελατών Αττικής, Επιπλοσυνθέσεις EOSET Α.Ε., ΟΛΥΜΠΙΑΚΗ ΑΕΡΟΠΟΡΙΑ Α.Ε.: Το Αεροπορικό Προιόν της Ο.Α. στο Εσωτερικό Δίκτυο, Διαπολιτιστικές Διαφορές στην Κατανάλωση Σοκολατινιών.
520 _aΠεριλήψεις των Cases, METAXA: Η Αναγέννηση του Κλασικού, ΕΛΑΙΣ Α.Ε.: Η Γραμμή Προιόντων LINEA, Ο Έλληνας Καταναλωτής Σαμπουάν 2 σε 1, INTERCAR Α.Ε.: Η Κάρτα nteramerican VISA, ΑΣΠΙΣ ΠΡΟΝΟΙΑ Ασφαλιστική Εταιρία: Έρευνα Ικανοποίησης και Προτιμήσεων Πελατών Αττικής, Επιπλοσυνθέσεις EOSET Α.Ε., ΟΛΥΜΠΙΑΚΗ ΑΕΡΟΠΟΡΙΑ Α.Ε.: Το Αεροπορικό Προιόν της Ο.Α. στο Εσωτερικό Δίκτυο, Διαπολιτιστικές Διαφορές στην Κατανάλωση Σοκολατινιών.
700 1 _aΣιώμκος Γεώργιος Ι
942 _cBK
999 _c1664
_d1664